| 000 | 00414nam a22001577a 4500 | ||
|---|---|---|---|
| 008 | 151015b xxu||||| |||| 00| 0 eng d | ||
| 020 | _a0205341705 | ||
| 041 | 0 | _aeng | |
| 080 | _a001.8 | ||
| 245 | 0 |
_aPublic speaking: _cDavid Zarefsky. |
|
| 250 | _a3rd ed. | ||
| 260 |
_c2002. _aBoston: _bPearson; |
||
| 300 |
_a476 f.: _bme il,; _c24 cm. |
||
| 650 | 0 | _aTë folurit publik | |
| 942 |
_2ddc _cBK |
||
| 999 |
_c1284 _d1284 |
||